[Event "Benidorm op-A"]
[Site "Benidorm"]
[Date "2022.12.05"]
[Round "3"]
[White "Perez Candelario, Matias"]
[Black "Rodriguez Garcia, Manuel Francisco"]
[Result "1/2-1/2"]
[WhiteElo "2009"]
[BlackElo "2135"]
[PlyCount "63"]
[EventDate "2022.12.03"]
[EventType "swiss"]
[EventRounds "9"]
[EventCountry "ESP"]
[SourceTitle "CBM 211 Extra"]
[Source "ChessBase"]
[SourceDate "2023.01.31"]
[SourceVersion "1"]
[SourceVersionDate "2023.01.31"]
[SourceQuality "1"]

1. e4 c5 2. Nf3 Nc6 3. d4 cxd4 4. Nxd4 g6 5. Nc3 Bg7 6. Be3 Nf6 7. Be2 0-0 8. 0-0 d5 9. exd5 Nb4 10. Bf3 Nfxd5 11. Nxd5 Nxd5 12. Bc1 Nb4 13. c3 e5 14. Nb3 Nd3 15. Be4 Nxc1 16. Rxc1 Qb6 17. Qd5 Rd8 18. Qc5 Be6 19. Qxb6 axb6 20. Bb1 f5 21. Rcd1 Kf7 22. f3 Ke7 23. Kf2 Rxd1 24. Rxd1 Rd8 25. Rxd8 Kxd8 26. Nc1 Kc7 27. Nd3 Kd6 28. Ke3 Bh6+ 29. Ke2 b5 30. b3 Bg7 31. Nf2 Kc5 32. Kd3 1/2-1/2

[Event "Benidorm op-A"]
[Site "Benidorm"]
[Date "2022.12.03"]
[Round "1"]
[White "Van Delft, Merijn"]
[Black "Rodriguez Garcia, Manuel Francisco"]
[Result "1/2-1/2"]
[WhiteElo "2363"]
[BlackElo "2135"]
[PlyCount "106"]
[EventDate "2022.12.03"]
[EventType "swiss"]
[EventRounds "9"]
[EventCountry "ESP"]
[SourceTitle "CBM 211 Extra"]
[Source "ChessBase"]
[SourceDate "2023.01.31"]
[SourceVersion "1"]
[SourceVersionDate "2023.01.31"]
[SourceQuality "1"]

1. e4 c5 2. Nf3 Nc6 3. d4 cxd4 4. Nxd4 e5 5. Nb5 d6 6. c4 Be7 7. N5c3 Nf6 8. Bd3 0-0 9. 0-0 Be6 10. Nd5 Bxd5 11. exd5 Nb4 12. Be2 a5 13. Nc3 Na6 14. Be3 Nd7 15. f3 Nac5 16. Rb1 f5 17. b3 Bg5 18. Bf2 e4 19. fxe4 fxe4 20. Bg3 Qe7 21. Qc2 Bh4 22. Bxh4 Qxh4 23. Qd2 Rxf1+ 24. Rxf1 Rf8 25. Rxf8+ Kxf8 26. g3 Qf6 27. Qf4 Ke7 28. Qxf6+ Kxf6 29. Kf2 Ke5 30. Ke3 Nf6 31. h3 Ng8 32. Bd1 Ne7 33. g4 Ng6 34. Bc2 Nf4 35. Bxe4 Nxe4 36. Nxe4 Nxh3 37. c5 dxc5 38. d6 Nf4 39. Nxc5 Nd5+ 40. Kf3 Kxd6 41. Nxb7+ Kc6 42. Nxa5+ Kb5 43. Nc4 Kb4 44. Nd6 Ka3 45. Ne8 Kxa2 46. Nxg7 Kxb3 47. Nh5 Kc4 48. Ke4 Kc5 49. Ke5 Ne3 50. g5 Ng4+ 51. Kf5 Nf2 52. Nf6 Nh3 53. Nxh7 Nxg5 1/2-1/2

[Event "Merida World Heritage op 2nd"]
[Site "Merida"]
[Date "2022.08.04"]
[Round "4"]
[White "Mellado Trivino, Juan"]
[Black "Rodriguez Garcia, Manuel Francisco"]
[Result "1/2-1/2"]
[WhiteElo "2339"]
[BlackElo "2154"]
[PlyCount "25"]
[EventDate "2022.08.02"]
[EventType "swiss"]
[EventRounds "9"]
[EventCountry "ESP"]
[SourceTitle "CBM 209 Extra"]
[Source "ChessBase"]
[SourceDate "2022.09.30"]
[SourceVersion "1"]
[SourceVersionDate "2022.09.30"]
[SourceQuality "1"]

1. Nc3 c5 2. e4 Nc6 3. Bb5 Nd4 4. Bc4 g6 5. Nf3 Bg7 6. Nxd4 cxd4 7. Qf3 Nf6 8. Ne2 d5 9. exd5 0-0 10. h3 b5 11. Bb3 Bb7 12. Nxd4 Nxd5 13. Ne2 1/2-1/2

[Event "Merida World Heritage op 2nd"]
[Site "Merida"]
[Date "2022.08.03"]
[Round "2"]
[White "Movsziszian, Karen"]
[Black "Rodriguez Garcia, Manuel Francisco"]
[Result "1-0"]
[WhiteElo "2473"]
[BlackElo "2154"]
[PlyCount "67"]
[EventDate "2022.08.02"]
[EventType "swiss"]
[EventRounds "9"]
[EventCountry "ESP"]
[SourceTitle "CBM 209 Extra"]
[Source "ChessBase"]
[SourceDate "2022.09.30"]
[SourceVersion "1"]
[SourceVersionDate "2022.09.30"]
[SourceQuality "1"]

1. g3 Nf6 2. Bg2 d5 3. Nf3 c5 4. 0-0 Nc6 5. d3 e5 6. Na3 Be7 7. e4 0-0 8. c3 dxe4 9. dxe4 Qxd1 10. Rxd1 Nxe4 11. Nxe5 Nxe5 12. Bxe4 Bg4 13. Re1 Bf6 14. Kg2 Rad8 15. h3 Be6 16. Be3 b6 17. Nb5 Nc4 18. b3 a6 19. Nc7 Nd6 20. Bd5 Bc8 21. Red1 Bxc3 22. Rac1 Be5 23. Na8 Nf5 24. Nxb6 Nxe3+ 25. fxe3 Rd6 26. Nc4 Rxd5 27. Rxd5 Bb7 28. e4 Bxd5 29. exd5 Bd4 30. Re1 Bf6 31. Nd6 h5 32. Nb7 Rd8 33. Na5 Rf8 34. Nc4 1-0

[Event "La Roda op 48th"]
[Site "La Roda"]
[Date "2022.04.14"]
[Round "3"]
[White "Rodriguez Garcia, Manuel Francisco"]
[Black "Lopez Martinez, Josep Manuel"]
[Result "0-1"]
[WhiteElo "2183"]
[BlackElo "2493"]
[PlyCount "112"]
[EventDate "2022.04.13"]
[EventType "swiss"]
[EventRounds "9"]
[EventCountry "ESP"]
[SourceTitle "CBM 207 Extra"]
[Source "ChessBase"]
[SourceDate "2022.05.31"]
[SourceVersion "1"]
[SourceVersionDate "2022.05.31"]
[SourceQuality "1"]

1. c4 e6 2. Nf3 d5 3. g3 dxc4 4. Bg2 a6 5. 0-0 Nc6 6. Qc2 Qd5 7. Na3 Na5 8. Qc3 Nf6 9. Ne5 Qc5 10. Naxc4 Nxc4 11. d4 Nd5 12. Qxc4 Qxc4 13. Nxc4 Bd7 14. Bd2 0-0-0 15. Rfc1 Kb8 16. a3 f6 17. e4 Ne7 18. Be3 Be8 19. Rc3 Nc6 20. d5 exd5 21. exd5 Na7 22. Rac1 Nb5 23. R3c2 Bg6 24. Rd2 Nd6 25. Bf4 Nxc4 26. Rxc4 Bd6 27. Rcd4 Rhe8 28. Bh3 Bxf4 29. gxf4 Re1+ 30. Kg2 f5 31. d6 c6 32. Kg3 Re6 33. Bf1 Bf7 34. f3 Rg6+ 35. Kf2 Bd5 36. Re2 Rgxd6 37. Re7 R6d7 38. Rxd7 Rxd7 39. Rd2 Kc7 40. h4 g6 41. Ke3 Re7+ 42. Kf2 Kd6 43. Be2 b5 44. Bf1 a5 45. Be2 b4 46. axb4 axb4 47. Bd3 Ra7 48. h5 Ra1 49. hxg6 hxg6 50. Ke3 Re1+ 51. Kf2 Rh1 52. Kg2 Rh8 53. Be2 Kc5 54. Kf2 Rh1 55. Ke3 Bb3 56. Bd3 Re1+ 0-1

[Event "La Roda op 47th"]
[Site "La Roda"]
[Date "2021.12.08"]
[Round "9"]
[White "Fernandez Barrera, Victor"]
[Black "Rodriguez Garcia, Manuel Francisco"]
[Result "0-1"]
[WhiteElo "2281"]
[BlackElo "2162"]
[PlyCount "48"]
[EventDate "2021.12.04"]
[EventType "swiss"]
[EventRounds "9"]
[EventCountry "ESP"]
[SourceTitle "CBM 205 Extra"]
[Source "ChessBase"]
[SourceDate "2022.01.31"]
[SourceVersion "1"]
[SourceVersionDate "2022.01.31"]
[SourceQuality "1"]

1. e4 c5 2. c3 d5 3. exd5 Qxd5 4. d4 Nc6 5. Nf3 Bf5 6. Na3 cxd4 7. Nb5 0-0-0 8. cxd4 e5 9. Nc3 Qa5 10. Bd2 exd4 11. Nb5 Re8+ 12. Be2 Qxb5 13. Be3 Qa5+ 14. Bd2 Qb5 15. a4 Qd5 16. 0-0 d3 17. Be3 Nf6 18. Qc1 dxe2 19. Re1 Bd3 20. Bxa7 Bb4 21. Qf4 Qd6 22. Qc1 Bxe1 23. Nxe1 Ng4 24. g3 Qh6 0-1

[Event "Merida World Heritage op 1st"]
[Site "Merida"]
[Date "2021.08.07"]
[Round "7"]
[White "Ribeiro, Orlando Camilo Duar"]
[Black "Rodriguez Garcia, Manuel Francisco"]
[Result "0-1"]
[WhiteElo "1898"]
[BlackElo "2154"]
[PlyCount "72"]
[EventDate "2021.08.04"]
[EventType "swiss"]
[EventRounds "9"]
[EventCountry "ESP"]
[SourceTitle "EXT 2023"]
[Source "ChessBase"]
[SourceDate "2022.10.05"]
[SourceVersion "1"]
[SourceVersionDate "2022.10.05"]
[SourceQuality "1"]

1. e4 c5 2. Nf3 Nc6 3. d4 cxd4 4. Nxd4 e5 5. Nb5 d6 6. N1c3 a6 7. Na3 b5 8. Nd5 Nge7 9. c4 Nxd5 10. cxd5 Nd4 11. Bd3 g6 12. 0-0 Bg7 13. Be3 0-0 14. Qd2 f5 15. Rac1 Nf3+ 16. gxf3 f4 17. Bb6 Qxb6 18. Kh1 Bh3 19. Rc6 Qd8 20. Rfc1 Rf6 21. Qb4 Bf8 22. Nb1 Bd7 23. R6c2 g5 24. Rg1 Rg6 25. Be2 Be7 26. Nd2 Qb6 27. Nb3 Qxf2 28. Rg2 Qh4 29. Rc7 Bh3 30. Rg1 g4 31. fxg4 f3 32. Bxf3 Rf8 33. Bd1 Qf2 34. Nd2 Bg5 35. Qc3 Be3 36. Rg3 Qe1+ 0-1

[Event "Merida World Heritage op 1st"]
[Site "Merida"]
[Date "2021.08.07"]
[Round "6"]
[White "Rodriguez Garcia, Manuel Francisco"]
[Black "Tejedor Fuente, Enrique"]
[Result "0-1"]
[WhiteElo "2154"]
[BlackElo "2434"]
[PlyCount "74"]
[EventDate "2021.08.04"]
[EventType "swiss"]
[EventRounds "9"]
[EventCountry "ESP"]
[SourceTitle "EXT 2023"]
[Source "ChessBase"]
[SourceDate "2022.10.05"]
[SourceVersion "1"]
[SourceVersionDate "2022.10.05"]
[SourceQuality "1"]

1. c4 e5 2. Nc3 Nf6 3. Nf3 Nc6 4. e3 Bb4 5. Qc2 0-0 6. Nd5 Re8 7. Ng5 g6 8. h4 Bf8 9. Nxf6+ Qxf6 10. Ne4 Qe6 11. h5 f5 12. Nc3 Ne7 13. hxg6 hxg6 14. d3 c6 15. g4 Bg7 16. Bd2 b5 17. cxb5 d5 18. bxc6 d4 19. Nb5 dxe3 20. fxe3 Nd5 21. e4 fxe4 22. dxe4 Qxg4 23. Qd3 Nf4 24. Bxf4 exf4 25. Be2 Qg5 26. Rf1 Be6 27. c7 Bxb2 28. Rb1 Be5 29. Nd6 Rf8 30. c8Q Raxc8 31. Nxc8 Rxc8 32. Rb5 Bxa2 33. Rxe5 Qxe5 34. Kf2 Rc3 35. Qd8+ Kg7 36. Rh1 Qc5+ 37. Kg2 Rg3+ 0-1

[Event "Riga Tech op-A"]
[Site "Riga"]
[Date "2019.08.05"]
[Round "1"]
[White "Laurusas, Tomas"]
[Black "Rodriguez Garcia, Manuel Francisco"]
[Result "1-0"]
[WhiteElo "2501"]
[BlackElo "2175"]
[PlyCount "51"]
[EventDate "2019.08.05"]
[EventType "swiss"]
[EventRounds "9"]
[EventCountry "LAT"]
[SourceTitle "CBM 191 Extra"]
[Source "ChessBase"]
[SourceDate "2019.09.30"]
[SourceVersion "1"]
[SourceVersionDate "2019.09.30"]
[SourceQuality "1"]

1. d4 d5 2. c4 dxc4 3. e4 Nf6 4. e5 Nd5 5. Bxc4 Nb6 6. Bd3 Nc6 7. Ne2 Bg4 8. Be3 e6 9. Nbc3 Be7 10. a3 Qd7 11. Rc1 0-0-0 12. Be4 Kb8 13. 0-0 f5 14. exf6 gxf6 15. Kh1 f5 16. Bxc6 Qxc6 17. f3 Nc4 18. Bf4 e5 19. b3 exf4 20. bxc4 Bh5 21. Qb3 Rhg8 22. Nd5 Rxd5 23. cxd5 Qg6 24. Nxf4 Qg5 25. Rxc7 b6 26. Qa4 1-0

[Event "Andorra op 35th"]
[Site "Escaldes"]
[Date "2017.07.25"]
[Round "4"]
[White "Degraeve, Jean Marc"]
[Black "Rodriguez Garcia, Manuel Francisco"]
[Result "1/2-1/2"]
[WhiteElo "2585"]
[BlackElo "2191"]
[PlyCount "90"]
[EventDate "2017.07.22"]
[EventType "swiss"]
[EventRounds "9"]
[EventCountry "AND"]
[SourceTitle "CBM 179 Extra"]
[Source "ChessBase"]
[SourceDate "2017.08.23"]
[SourceVersion "1"]
[SourceVersionDate "2017.08.23"]
[SourceQuality "1"]

1. d4 Nf6 2. Bf4 g6 3. Nc3 d5 4. Qd2 Bg7 5. 0-0-0 0-0 6. f3 c5 7. dxc5 Nc6 8. e3 Qa5 9. Kb1 Qxc5 10. Na4 Qb4 11. Qxb4 Nxb4 12. Ne2 Bd7 13. Nac3 Rfd8 14. a3 Nc6 15. Nxd5 Nxd5 16. Rxd5 Be6 17. Rxd8+ Rxd8 18. Kc1 b6 19. Bg3 g5 20. h4 Na5 21. Nd4 Nc4 22. Nxe6 Bxb2+ 23. Kb1 Rd1+ 24. Ka2 Ra1+ 25. Kb3 Nxe3 26. Kxb2 Rxf1 27. Rxf1 Nxf1 28. Bf2 fxe6 29. hxg5 Nd2 30. Kc3 Nb1+ 31. Kb3 Nd2+ 32. Kb4 e5 33. Kb5 e4 34. Ka6 Nc4 35. fxe4 Nxa3 36. c3 Kf7 37. Be1 Ke6 38. Kxa7 b5 39. Bf2 Ke5 40. Bc5 Nb1 41. Bxe7 Kxe4 42. Kb6 Nxc3 43. Bb4 Nd5+ 44. Kxb5 Nxb4 45. Kxb4 Kf5 1/2-1/2

[Event "Andorra op 35th"]
[Site "Escaldes"]
[Date "2017.07.23"]
[Round "2"]
[White "Suarez Gomez, Julio"]
[Black "Rodriguez Garcia, Manuel Francisco"]
[Result "1-0"]
[WhiteElo "2474"]
[BlackElo "2191"]
[PlyCount "87"]
[EventDate "2017.07.22"]
[EventType "swiss"]
[EventRounds "9"]
[EventCountry "AND"]
[SourceTitle "CBM 179 Extra"]
[Source "ChessBase"]
[SourceDate "2017.08.23"]
[SourceVersion "1"]
[SourceVersionDate "2017.08.23"]
[SourceQuality "1"]

1. d4 Nf6 2. Nf3 g6 3. g3 Bg7 4. Bg2 0-0 5. 0-0 d6 6. Nc3 Na6 7. e4 c5 8. h3 cxd4 9. Nxd4 Nc5 10. Re1 a6 11. Bg5 Ne6 12. Be3 Nxd4 13. Bxd4 Be6 14. a4 Nd7 15. Bxg7 Kxg7 16. Ne2 Rc8 17. Nd4 Qb6 18. b3 a5 19. Qd2 Ne5 20. Qe3 Kg8 21. c4 Nc6 22. Nxc6 Rxc6 23. e5 Qxe3 24. Rxe3 Rb6 25. exd6 exd6 26. Rd1 Rc8 27. g4 Rc5 28. f4 h5 29. Bf3 hxg4 30. hxg4 Kg7 31. Rd4 Kf6 32. Kf2 Kg7 33. Red3 d5 34. cxd5 Bd7 35. Kg3 Rc1 36. d6 Rb1 37. Bd1 Rc1 38. Rd5 Rbc6 39. g5 Kf8 40. Bg4 Ke8 41. Re5+ Kd8 42. Bxd7 Kxd7 43. Re7+ Kd8 44. Rxf7 1-0

[Event "Benasque op 37th"]
[Site "Benasque"]
[Date "2017.07.07"]
[Round "2"]
[White "Prohaszka, Peter"]
[Black "Rodriguez Garcia, Manuel Francisco"]
[Result "1-0"]
[WhiteElo "2601"]
[BlackElo "2191"]
[PlyCount "85"]
[EventDate "2017.07.06"]
[EventType "swiss"]
[EventRounds "10"]
[EventCountry "ESP"]
[SourceTitle "CBM 179 Extra"]
[Source "ChessBase"]
[SourceDate "2017.08.23"]
[SourceVersion "1"]
[SourceVersionDate "2017.08.23"]
[SourceQuality "1"]

1. d4 Nf6 2. Nf3 g6 3. c4 Bg7 4. g3 0-0 5. Bg2 d6 6. 0-0 Nbd7 7. Nc3 e5 8. e4 exd4 9. Nxd4 Re8 10. h3 Nc5 11. Re1 Bd7 12. Rb1 Qc8 13. Kh2 h6 14. f4 a6 15. b4 Ne6 16. Be3 Nxd4 17. Bxd4 Be6 18. Nd5 Qd8 19. Qd2 Rb8 20. Rbc1 c6 21. Bb6 Qd7 22. Nxf6+ Bxf6 23. Red1 Be7 24. a3 Kh7 25. e5 d5 26. Qa2 Rbc8 27. Rd2 g5 28. Rf1 gxf4 29. gxf4 Rg8 30. Qb1+ Bf5 31. Be4 Bxe4 32. Qxe4+ Kh8 33. e6 Qe8 34. Qf5 f6 35. Rff2 Qg6 36. Qxg6 Rxg6 37. cxd5 cxd5 38. Rxd5 Rc6 39. Bc5 Bxc5 40. bxc5 f5 41. Rd8+ Rg8 42. e7 Re6 43. Rg2 1-0

[Event "ESP-chT CECLUB Div2"]
[Site "Linares"]
[Date "2016.08.17"]
[Round "2"]
[White "Rodriguez Garcia, Manuel Francisco"]
[Black "Ruperez Benito, Antonio"]
[Result "0-1"]
[WhiteElo "2166"]
[BlackElo "2324"]
[PlyCount "86"]
[EventDate "2016.08.16"]
[EventType "team"]
[EventRounds "6"]
[EventCountry "ESP"]
[SourceTitle "CBM 174 Extra"]
[Source "ChessBase"]
[SourceDate "2016.10.10"]
[SourceVersion "1"]
[SourceVersionDate "2016.10.10"]
[SourceQuality "1"]
[WhiteTeam "Extremadura Magic"]
[BlackTeam "Villalba 64"]
[WhiteTeamCountry "ESP"]
[BlackTeamCountry "ESP"]

1. e4 e6 2. d4 d5 3. Nc3 Bb4 4. a3 Bxc3+ 5. bxc3 dxe4 6. Qg4 Nf6 7. Qxg7 Rg8 8. Qh6 c5 9. Ne2 Nbd7 10. Ng3 Qc7 11. Qf4 Qxf4 12. Bxf4 Ke7 13. f3 exf3 14. gxf3 b6 15. Bd3 Bb7 16. Kf2 Rac8 17. Rhe1 c4 18. Nf5+ Kd8 19. Nd6 cxd3 20. Nxb7+ Ke7 21. Bd6+ Ke8 22. cxd3 Nf8 23. Bb4 Rc7 24. Nd6+ Kd8 25. c4 Ng6 26. Bd2 Nh5 27. Rg1 Ke7 28. Ne4 Rd8 29. Bb4+ Kd7 30. Bd6 Rc6 31. c5 Ng7 32. Nf6+ Kc8 33. Nxh7 Nf5 34. Ng5 Rd7 35. Nxe6 Nxd6 36. d5 Rxc5 37. Nxc5 bxc5 38. Rac1 Rc7 39. Rg4 Ne5 40. Rg8+ Kd7 41. Rd1 Rb7 42. Rd2 Rb3 43. d4 Nxf3 0-1

[Event "Benasque op 36th"]
[Site "Benasque"]
[Date "2016.07.08"]
[Round "2"]
[White "Rodriguez Garcia, Manuel Francisco"]
[Black "Cori, Jorge Moise"]
[Result "0-1"]
[WhiteElo "2169"]
[BlackElo "2602"]
[PlyCount "94"]
[EventDate "2016.07.07"]
[EventType "swiss"]
[EventRounds "10"]
[EventCountry "ESP"]
[SourceTitle "CBM 173 Extra"]
[Source "ChessBase"]
[SourceDate "2016.08.29"]
[SourceVersion "1"]
[SourceVersionDate "2016.08.29"]
[SourceQuality "1"]

1. e4 c5 2. Nf3 Nc6 3. d4 cxd4 4. Nxd4 e5 5. Nb5 d6 6. c4 Be6 7. N1c3 a6 8. Na3 Be7 9. Be2 Nf6 10. Be3 Rc8 11. 0-0 0-0 12. Qd2 h6 13. Rfd1 Ne8 14. Nc2 Bg5 15. Nd5 Bxd5 16. Bxg5 hxg5 17. Qxd5 g6 18. b4 Qc7 19. Rac1 Kg7 20. Qd2 Qe7 21. b5 Nb8 22. Nb4 a5 23. Nd5 Qd8 24. Rc3 Nd7 25. Ra3 Ra8 26. b6 Nc5 27. Rxa5 Nxe4 28. Rxa8 Qxa8 29. Qc2 Nc5 30. Nc7 Qd8 31. Nd5 Rh8 32. g3 Nf6 33. Bf3 Nxd5 34. Bxd5 Qxb6 35. Rb1 Qc7 36. Qd2 g4 37. Qb2 Qd7 38. Qb6 Qf5 39. Rd1 Nd3 40. Qe3 Nc5 41. Bg2 Qf6 42. Qe2 Ra8 43. Rb1 Qf5 44. Rb2 e4 45. Rd2 Qe6 46. Rd4 Qe5 47. Qd2 Rxa2 0-1

[Event "La Roda op 43rd"]
[Site "La Roda"]
[Date "2016.03.24"]
[Round "2"]
[White "Forcen Esteban, Daniel"]
[Black "Rodriguez Garcia, Manuel Francisco"]
[Result "1-0"]
[WhiteElo "2549"]
[BlackElo "2167"]
[PlyCount "103"]
[EventDate "2016.03.23"]
[EventType "swiss"]
[EventRounds "9"]
[EventCountry "ESP"]
[SourceTitle "CBM 171 Extra"]
[Source "ChessBase"]
[SourceDate "2016.04.26"]
[SourceVersion "1"]
[SourceVersionDate "2016.04.26"]
[SourceQuality "1"]

1. d4 Nf6 2. Nf3 g6 3. c4 Bg7 4. Nc3 d6 5. e4 0-0 6. Be2 Nbd7 7. Bg5 h6 8. Bh4 e5 9. d5 a5 10. Nd2 Nc5 11. Qc2 Bd7 12. f3 Qe8 13. Bf2 Nh5 14. Bxc5 dxc5 15. Nb5 Nf4 16. Bf1 Qd8 17. g3 Nh3 18. Qd3 h5 19. Qe3 b6 20. 0-0-0 Kh7 21. Qe2 Bh6 22. Kb1 f6 23. Bg2 Ng5 24. f4 Bg4 25. Qf1 Nf7 26. Re1 Nd6 27. Nc3 Rb8 28. a4 Qe8 29. b3 Bd7 30. Re2 Qe7 31. Nb5 Bg4 32. Rf2 exf4 33. gxf4 Rbe8 34. Qd3 Nxb5 35. cxb5 c4 36. Nxc4 Qc5 37. Rhf1 Bc8 38. Rc2 Qb4 39. Ka2 h4 40. Qd2 h3 41. Qxb4 hxg2 42. Qe1 gxf1Q 43. Qxf1 Rxe4 44. d6 Rxf4 45. Qe1 Bf5 46. Qe7+ Bg7 47. Rd2 cxd6 48. Nxd6 Kh6 49. Qe3 g5 50. h4 Kg6 51. Nxf5 Kxf5 52. Qd3+ 1-0

[Event "ESP-ch 80th"]
[Site "Linares"]
[Date "2015.08.24"]
[Round "2"]
[White "Ventura Bolet, Maxim"]
[Black "Rodriguez Garcia, Manuel Francisco"]
[Result "1/2-1/2"]
[WhiteElo "2069"]
[BlackElo "2195"]
[PlyCount "133"]
[EventDate "2015.08.23"]
[EventType "swiss"]
[EventRounds "9"]
[EventCountry "ESP"]
[SourceTitle "EXT 2016"]
[Source "ChessBase"]
[SourceDate "2015.10.08"]
[SourceVersion "1"]
[SourceVersionDate "2015.10.08"]
[SourceQuality "1"]

1. Nf3 Nf6 2. g3 g6 3. Bg2 Bg7 4. 0-0 0-0 5. d4 d6 6. a4 Nbd7 7. a5 a6 8. Nc3 e5 9. dxe5 dxe5 10. h3 Re8 11. Be3 Qe7 12. Qc1 e4 13. Nd2 Nc5 14. Rb1 Bd7 15. b4 Na4 16. Nxa4 Bxa4 17. c4 Rad8 18. Qa3 Bc6 19. Nb3 Nd7 20. Rfc1 f5 21. Qa2 Ne5 22. Nc5 h6 23. b5 axb5 24. cxb5+ Bd5 25. Qa4 Qf7 26. a6 bxa6 27. bxa6 Nc4 28. Rxc4 Bxc4 29. a7 Ra8 30. Na6 Bd5 31. Rb8 Be5 32. Qa5 Kh7 33. Nb4 c6 34. Rxe8 Qxe8 35. Nxd5 cxd5 36. Qxd5 Rd8 37. Qb7+ Kg8 38. Bxh6 Qa4 39. Kh2 Bd4 40. Qe7 Re8 41. Qd6 Kh7 42. Bf4 Qxa7 43. h4 Qg7 44. Qc6 Re7 45. f3 exf3 46. Bxf3 Be5 47. Bxe5 Qxe5 48. Kg2 Rc7 49. Qa8 Rc1 50. Qa7+ Rc7 51. Qa8 Qe7 52. Qb8 Qe5 53. Qa8 Rg7 54. Qd8 Qe7 55. Qd5 f4 56. Qd4 fxg3 57. Kxg3 Qc7+ 58. Kg2 Qd7 59. Qc4 Qc7 60. Qb4 Qe5 61. Qg4 Qf5 62. Qc4 Qf6 63. Qg4 Re7 64. h5 gxh5 65. Qxh5+ Qh6 66. Qxh6+ Kxh6 67. Kf2 1/2-1/2

[Event "Lisbon Christmas op"]
[Site "Lisbon"]
[Date "2014.12.29"]
[Round "6"]
[White "Sousa, Hugo Carneiro"]
[Black "Rodriguez Garcia, Manuel Francisco"]
[Result "0-1"]
[WhiteElo "1726"]
[BlackElo "2174"]
[PlyCount "32"]
[EventDate "2014.12.26"]
[EventType "swiss"]
[EventRounds "9"]
[EventCountry "POR"]
[SourceTitle "EXT 2018"]
[Source "ChessBase"]
[SourceDate "2017.10.13"]
[SourceVersion "1"]
[SourceVersionDate "2017.10.13"]
[SourceQuality "1"]

1. e3 g6 2. f4 Bg7 3. Nf3 d6 4. d4 Nf6 5. Bd3 0-0 6. 0-0 c5 7. dxc5 dxc5 8. Nc3 Nc6 9. a3 a6 10. e4 Bg4 11. h3 Bxf3 12. Qxf3 c4 13. Be2 Nd4 14. Qf2 Nxc2 15. Rb1 Nxe4 16. Qf3 Qb6+ 0-1

[Event "Lisbon Christmas op"]
[Site "Lisbon"]
[Date "2014.12.27"]
[Round "3"]
[White "Abbas, Daniel Karim"]
[Black "Rodriguez Garcia, Manuel Francisco"]
[Result "1/2-1/2"]
[WhiteElo "2002"]
[BlackElo "2174"]
[PlyCount "54"]
[EventDate "2014.12.26"]
[EventType "swiss"]
[EventRounds "9"]
[EventCountry "POR"]
[SourceTitle "EXT 2018"]
[Source "ChessBase"]
[SourceDate "2017.10.13"]
[SourceVersion "1"]
[SourceVersionDate "2017.10.13"]
[SourceQuality "1"]

1. e4 c5 2. Nf3 d6 3. Bb5+ Nd7 4. 0-0 Ngf6 5. Re1 a6 6. Bd3 Qc7 7. b3 e6 8. Bb2 Be7 9. a4 b6 10. c3 Bb7 11. Bc2 Rc8 12. c4 0-0 13. Nc3 Rfd8 14. d4 cxd4 15. Nxd4 Ne5 16. Nf3 Ng6 17. Rc1 Bf8 18. Bb1 Qb8 19. h3 d5 20. exd5 exd5 21. Nxd5 Nxd5 22. cxd5 Bxd5 23. Rxc8 Qxc8 24. Qd3 Be6 25. Qc2 Qxc2 26. Bxc2 Rc8 27. Nd4 Bd5 1/2-1/2

[Event "Lisbon Christmas op"]
[Site "Lisbon"]
[Date "2014.12.27"]
[Round "2"]
[White "Rodriguez Garcia, Manuel Francisco"]
[Black "Lopez Mulet, Inigo"]
[Result "0-1"]
[WhiteElo "2174"]
[BlackElo "2403"]
[PlyCount "92"]
[EventDate "2014.12.26"]
[EventType "swiss"]
[EventRounds "9"]
[EventCountry "POR"]
[SourceTitle "CBM 164 Extra"]
[Source "ChessBase"]
[SourceDate "2015.03.02"]
[SourceVersion "1"]
[SourceVersionDate "2015.03.02"]
[SourceQuality "1"]

1. e4 e6 2. d4 d5 3. Nc3 Nf6 4. Bg5 Bb4 5. e5 h6 6. exf6 hxg5 7. fxg7 Rg8 8. h4 gxh4 9. Qg4 Qf6 10. Qxh4 Qxg7 11. 0-0-0 Nc6 12. Nb5 Ba5 13. Qf4 Qg5 14. Qxg5 Rxg5 15. Rh8+ Ke7 16. Nf3 Rg7 17. g3 Rb8 18. Be2 Bd7 19. Rxb8 Nxb8 20. Rh1 Nc6 21. Rh4 f6 22. Nc3 Bxc3 23. bxc3 Na5 24. Nd2 b5 25. Nb3 Nb7 26. Kd2 a5 27. Kc1 a4 28. Nd2 Nd6 29. Bd3 e5 30. Nf1 e4 31. Be2 Nf5 32. Rh2 Kd6 33. Kd2 b4 34. Rh8 bxc3+ 35. Kxc3 c5 36. dxc5+ Kxc5 37. Ra8 Nd4 38. Ra5+ Bb5 39. Bxb5 Nxb5+ 40. Kd2 Kb4 41. Ra6 d4 42. Rxf6 Nc3 43. Rb6+ Kc5 44. Ra6 Kb5 45. Rd6 e3+ 46. Kd3 e2 0-1

[Event "ESP-ch 79th"]
[Site "Linares"]
[Date "2014.09.01"]
[Round "8"]
[White "Sos Andreu, Eric"]
[Black "Rodriguez Garcia, Manuel Francisco"]
[Result "1-0"]
[WhiteElo "2355"]
[BlackElo "2158"]
[PlyCount "89"]
[EventDate "2014.08.25"]
[EventType "swiss"]
[EventRounds "9"]
[EventCountry "ESP"]
[SourceTitle "CBM 162 Extra"]
[Source "ChessBase"]
[SourceDate "2014.10.17"]
[SourceVersion "1"]
[SourceVersionDate "2014.10.17"]
[SourceQuality "1"]

1. d4 d5 2. c4 dxc4 3. Nf3 a6 4. a4 Nf6 5. e3 e6 6. Bxc4 b6 7. 0-0 Bb7 8. Nc3 Nbd7 9. Qe2 Bb4 10. Bd3 c5 11. Na2 Ba5 12. e4 h6 13. Bc2 Qc7 14. Rd1 Kf8 15. dxc5 bxc5 16. b3 Rd8 17. Bb2 Qf4 18. Bc1 Qg4 19. h3 Qh5 20. Bb2 Rg8 21. Qc4 Rc8 22. Nc1 Bc7 23. b4 g5 24. Bxf6 Nxf6 25. Qxc5+ Kg7 26. Qe3 Bf4 27. Qe2 g4 28. Ne1 Kh8 29. Ncd3 Bb8 30. Nc5 Rxc5 31. bxc5 Qe5 32. g3 gxh3 33. Ra3 h2+ 34. Kxh2 Ng4+ 35. Kg2 Qxc5 36. Rb3 Qh5 37. Nf3 Nxf2 38. Kxf2 Bxg3+ 39. Ke3 Qc5+ 40. Nd4 Bf4+ 41. Kf2 Qg5 42. Qf3 Bc8 43. Rh1 Be5 44. Ne2 Qd2 45. Qe3 1-0

[Event "ESP-ch 79th"]
[Site "Linares"]
[Date "2014.08.31"]
[Round "7"]
[White "Rodriguez Garcia, Manuel Francisco"]
[Black "Shen, Yue"]
[Result "1-0"]
[WhiteElo "2158"]
[BlackElo "2266"]
[PlyCount "46"]
[EventDate "2014.08.25"]
[EventType "swiss"]
[EventRounds "9"]
[EventCountry "ESP"]
[SourceTitle "CBM 162 Extra"]
[Source "ChessBase"]
[SourceDate "2014.10.17"]
[SourceVersion "1"]
[SourceVersionDate "2014.10.17"]
[SourceQuality "1"]

1. d4 Nf6 2. c4 b6 3. f3 Nc6 4. Nc3 e5 5. d5 Na5 6. e4 Bb4 7. Bd2 0-0 8. Bd3 Nh5 9. g3 Nb7 10. f4 g6 11. fxe5 d6 12. Be2 Ng7 13. a3 Bc5 14. exd6 Nxd6 15. Nf3 a5 16. e5 Ndf5 17. Ne4 Ne3 18. Qb3 Ng2+ 19. Kd1 Qe7 20. Bg5 f6 21. Nxf6+ Rxf6 22. Ng1 Rf1+ 23. Bxf1 Qd8 1-0